| 000 | 00503nam a2200181Ia 4500 | ||
|---|---|---|---|
| 008 | 240925s9999 xx 000 0 und d | ||
| 020 | _a70587930 | ||
| 082 | _a005.7585 ABR | ||
| 100 | _aAbramson, Ian | ||
| 245 | 0 | _aOracle Database 10g: a beginner's guide | |
| 250 | _aNA | ||
| 260 |
_aNew Delhi: _bTata McGraw Hill _c,2004. |
||
| 300 |
_axiv,647p. _bNA _fOriginal |
||
| 500 | _aIncludes Index | ||
| 600 | _aComputer Science | ||
| 650 | _aComputer science, information & general works | ||
| 942 | _cBK | ||
| 999 |
_c9193 _d9193 |
||